000 00345nam a2200157Ia 4500
999 _c2681
_d2681
003 OSt
005 20190918142929.0
008 190902s9999||||xx |||||||||||||| ||und||
020 _a978-0132359238
040 _cmaju
100 _aFloyd
245 0 _aDigital Fundamentals
260 _aIndia
_bS. Chand
_c2005
300 _a942
942 _cBK
_2ddc